01248 2200457 4500001002100000005001500021035002000036007000300056008004100059020002200100040002200122082001400144084001600158090001800174100001900192245004600211250003500257300002700292650002000319850001200339264004500351336002100396337003000417338002300447990002000470990002000490990002000510990002000530990002000550990002000570990002000590990002000610990002000630990002000650990002000670990002000690990002000710990002000730990002000750990002000770INLIS00000000085338820191203032109 a0010-1219000074ta191203s2019 yoi g 1 ind d a978-602-336-901-0 aYOPDYOGbinderda04223a809.8 a809.8 MAH h aT 809.8 MAH h0 aM.A.Hepenulis00aHijrah ke London ? siapa takut ? /cM.A.H aCetakan pertama, Februari 2019 av, 92 halaman ;c19 cm 4aKisah Kehidupan aYOPDYOG aYogyakarta :bStiletto Indie Book,c2019 2rdacontentateks 2rdamediaatanpa perantara 2rdacarrieravolume a65026-PD/A.2019 a65027-PD/A.2019 a69818-PD/A.2022 a69817-PD/A.2022 a69817-PD/A.2022 a65026-PD/A.2019 a65027-PD/A.2019 a69817-PD/A.2022 a69817-PD/A.2022 a65026-PD/A.2019 a65027-PD/A.2019 a69817-PD/A.2022 a69818-PD/A.2022 a65026-PD/A.2019 a65027-PD/A.2019 a69817-PD/A.2022